000 00573cam a22002053a 4500
001 39483
003 PGUSA
005 20140828083858.0
008 120419s2012||||xxu|||||s|||||000 | eng d
040 _aPGUSA
_beng
042 _adc
100 1 _aMcKeever, William Arch
245 1 0 _aFarm Boys and Girls
_h[electronic resource] /
_cWilliam Arch McKeever
260 _bProject Gutenberg,
_c2012
506 _aPublic domain in the USA.
516 _aElectronic text
830 0 _aProject Gutenberg
_v39483
856 4 0 _uhttp://www.gutenberg.org/ebooks/39483
942 _cEB
999 _c268736
_d268736